01119nab a2200301uuc4500001000800000005001700008008004100025035001200066035002100078040001300099041000800112100004800120245014000168260001000308650003300318650003000351650003300381650003600414650001900450700004300469700004300512700004600555700004700601700004500648773009500693942001000788999001900798105826820240202083211.0071123s2007 spa  a1058268 a(OCoLC)820279268 ccomduadb aspa10aTorres Tabanera, Mercedes4auteaut937167110aAnalisis de los resultados clinicos y la carga asistencial del screening oportunista en una unidad de diagnostico por imagen de la mama c2007. aDetección temprana9154785 aCostos de la salud920816 aNeoplasias de la mama960548 7aAnálisis de costos2lemb9977 aCribado92105210aSanchez Gomez, Sonia4auteaut944735310aBaroja Mazo, Araceli4auteaut944926110aSainz Miranda, Mercedes4auteaut944926210aMartinez Miravete, Paula4auteaut944836110aLag Asturiano, Encarna4auteaut94478220 tTodo Hospital (Barcelona)gVol. 26, No. 235, Abr. 2007, 175-184w365410z0212197210112308 cARIMP c437508d437508